000
00263nam a2200097Ia 4500
001
1250658
005
20251031150900.0
008
251031s9999 xx 000 0 und d
245
0
_c
ORHAN VELİ
_a
D-4 ORHAN VELİ BÜTÜN HİKAYELERİ
260
_b
İTHAKİ YAYINLARI
999
_c
1250658
_d
1250658